Lỗ Tấn - Tác phẩm và tư liệu

Sách cung cấp tư liệu cần thiết về tư tưởng, nhân cách, tác phẩm của nhà văn Trung Quốc Lỗ Tấn cùng sự đánh giá của mọi người về ông

Kaydedildi:
Detaylı Bibliyografya
Yazar: Lương Duy Thứ
Materyal Türü: Kitap
Dil:Undetermined
Baskı/Yayın Bilgisi: Hà Nội Giáo Dục 1998
Konular:
Etiketler: Etiketle
Etiket eklenmemiş, İlk siz ekleyin!
Thư viện lưu trữ: Trung tâm Học liệu Trường Đại học Cần Thơ
LEADER 00762nam a2200181Ia 4500
001 CTU_29603
008 210402s9999 xx 000 0 und d
082 |a 895.109 
082 |b Th550 
100 |a Lương Duy Thứ 
245 0 |a Lỗ Tấn - Tác phẩm và tư liệu 
245 0 |c Lương Duy Thứ 
260 |a Hà Nội 
260 |b Giáo Dục 
260 |c 1998 
520 |a Sách cung cấp tư liệu cần thiết về tư tưởng, nhân cách, tác phẩm của nhà văn Trung Quốc Lỗ Tấn cùng sự đánh giá của mọi người về ông 
650 |a chinese literature - 20th century - history and criticism 
980 |a Trung tâm Học liệu Trường Đại học Cần Thơ